| 000 | 00372nam a22001457a 4500 | ||
|---|---|---|---|
| 003 | OSt | ||
| 005 | 20221117031305.0 | ||
| 008 | 151026b xxu||||| |||| 00| 0 eng d | ||
| 020 | _a019572027 | ||
| 040 |
_cMMU _aMMU _beng _dMMU |
||
| 050 | _aPL8704 .H8M3 1971 | ||
| 245 |
_aMashetani / _cHussein N. Ibrahim. |
||
| 260 |
_aNew York : _bOxford, _c1971. |
||
| 942 |
_2lcc _cLOAN LOAN |
||
| 999 |
_c15369 _d15369 |
||